South Eastern Kenya University

Library Online Public Access Catalogue


The half-life of policy rationales : (Record no. 176)

MARC details
000 -LEADER
fixed length control field 00655mam a22001814a 4500
020 ## - INTERNATIONAL STANDARD BOOK NUMBER
International Standard Book Number 0814747760 (cloth : alk. paper)
020 ## - INTERNATIONAL STANDARD BOOK NUMBER
International Standard Book Number 0814747779 (pbk. : alk. paper)
050 00 - LIBRARY OF CONGRESS CALL NUMBER
Classification number HC110.T4
Item number H35 2003
245 04 - TITLE STATEMENT
Title The half-life of policy rationales :
Remainder of title how new technology affects old policy issues /
Statement of responsibility, etc. edited by Fred E. Foldvary and Daniel B. Klein.
260 ## - PUBLICATION, DISTRIBUTION, ETC. (IMPRINT)
Place of publication, distribution, etc. New York :
Name of publisher, distributor, etc. New York University Press,
Date of publication, distribution, etc. 2003.
300 ## - PHYSICAL DESCRIPTION
Extent ix, 276 p. ;
500 ## - GENERAL NOTE
General note Includes index.
650 #0 - SUBJECT ADDED ENTRY--TOPICAL TERM
General subdivision Government policy
Topical term following geographic name as entry element Technological innovations
Form subdivision Free enterprise
650 #0 - SUBJECT ADDED ENTRY--TOPICAL TERM
Form subdivision United States.
650 #0 - SUBJECT ADDED ENTRY--TOPICAL TERM
General subdivision Government policy.
700 1# - ADDED ENTRY--PERSONAL NAME
Personal name Foldvary, Fred E.,
942 ## - ADDED ENTRY ELEMENTS (KOHA)
Koha item type General circulation
Holdings
Withdrawn status Lost status Source of classification or shelving scheme Damaged status Not for loan Home library Current library Shelving location Date acquired Total Checkouts Full call number Barcode Date last seen Koha item type
    Library of Congress Classification     Main Campus Library Main Campus Library General Stacks 08/05/2014   HC 110 .T4 F6 2016/01330 08/05/2014 General circulation
    Library of Congress Classification     Main Campus Library Main Campus Library General Stacks 08/05/2014   HC 110 .T4 F6 2017/020073 08/05/2014 General circulation
Kitui, Kenya.
+254736116989
library@seku.ac.ke